| 000 | 00677cab a2200205 4500 | ||
|---|---|---|---|
| 001 | WB2633-20 | ||
| 008 | 090401t1990 xxu||||| |||| 00| 0 eng d | ||
| 035 | _a(Sirsi) u46096 | ||
| 041 | _aeng | ||
| 245 | _aSocieties in disarray claim | ||
| 260 | _c1990 | ||
| 350 | _a0 | ||
| 490 |
_aFinancial Adviser _vno 168, 23/8/90 p9 |
||
| 520 | _aA report by management consultants Merton Associates claims that ventures into other areas of business such as estate agency has left building societies with the image of being in "confusion and disarray". | ||
| 650 | _aACQUISITIONS | ||
| 650 | _aFINANCIAL INSTITUTIONS | ||
| 690 | _aHOUSING | ||
| 942 | _n0 | ||
| 948 | _c04/03/1997 | ||
| 999 |
_c29164 _d29164 |
||